| 000 | 01268nam a2200229Ia 4500 | ||
|---|---|---|---|
| 003 | Ost | ||
| 005 | 20260507075423.0 | ||
| 008 | 260507s9999||||xx |||||||||||||| ||und|| | ||
| 020 | _a30997099579 | ||
| 040 | _cfsecg | ||
| 041 | _aara | ||
| 082 | _a300 | ||
| 100 |
_aالسكارنة، بلال خلف _eمؤلف |
||
| 245 | 0 |
_aالإستراتيجية والتخطيط الإستراتيجي / _c بلال خلف السكارنة |
|
| 260 |
_aعمان: _bدار المسيرة, _c2015 |
||
| 300 |
_a407 صفحة؛ _bإيضاحات ؛ _c24 سم |
||
| 520 | _aماهية التخطيط الاستراتيجي ، عملية التخطيط الاستراتيجي ، تحديد وتعريف الاتجاه الاستراتيجي، التحليل والتشخيص البيئي، صياغة وإعداد الخطة، صياغة الأهداف الإستراتيجية ، البدائل والخيارات الإستراتيجية، تنفيذ الخطة الإستراتيجية، الرقابة والمتابعة والتقييم للخطة الإستراتيجية، حالات دراسية في التخطيط الإستراتيجي. | ||
| 653 | _aإدارة الأعمال | ||
| 653 | _aالتخطيط | ||
| 653 | _aتقييم الأداء | ||
| 942 | _cكتاب | ||
| 999 |
_c44473 _d44473 |
||